LEADER 00947nam0-22003251i-450- 001 990000810220403321 005 20001010 010 $a88-8184-146-0 035 $a000081022 035 $aFED01000081022 035 $a(Aleph)000081022FED01 035 $a000081022 100 $a20001010d--------km-y0itay50------ba 101 0 $aita 105 $ay-------001yy 200 1 $aAscensori e montacarichi$ecollaudi e verifiche alla luce del D.P.R. 30 aprile 1999 n. 162. Contiene i pareri CNR e lecircolari ISPESL$fGiacomo Guerriero 210 $aRoma$cEPC Libri$d[1999] 215 $a768 p.$d21 cm 225 1 $aNormativa 610 0 $aASCENSORI 610 0 $aMONTACARICHI 700 1$aGuerriero,$bGiacomo$039904 801 0$aIT$bUNINA$gRICA$2UNIMARC 901 $aBK 912 $a990000810220403321 952 $aTECN B 1311$b10565$fFARBC 959 $aFARBC 996 $aAscensori e montacarichi$9352262 997 $aUNINA DB $aING01 LEADER 01172cam0-2200349---450- 001 990008286430403321 005 20110623090558.0 010 $a88-86842-92-9 035 $a000828643 035 $aFED01000828643 035 $a(Aleph)000828643FED01 035 $a000828643 100 $a20060302d2005----km-y0itay50------ba 101 0 $aita 102 $aIT 105 $aa-------001yy 200 1 $aEditoria e illuminismo fra Lugano e Milano$fCallisto Caldelari$c<>ruolo di Lugano nel contesto italiano$fMario Infelise$c<>doppia fortuna$fGiovanni Pozzi 210 $aMilano$cSylvestre Bonnard$dİ2005 215 $aXXIII, 288 p.$cill.$d21 cm 225 1 $a<>sapere del libro 610 0 $aEditoria$aLugano$aSec. 18. 676 $a070.50949478$v21$zita 700 1$aCaldelari,$bCallisto$f<1934- >$0253627 701 1$aInfelise,$bMario$f<1952- >$0139886 701 1$aPozzi,$bGiovanni$f<1923-2002>$0293451 801 0$aIT$bUNINA$gREICAT$2UNIMARC 901 $aBK 912 $a990008286430403321 952 $a070.509 CAL 1$bBibl. 52634$fFLFBC 959 $aFLFBC 996 $aEditoria e illuminismo fra Lugano e Milano$9740680 997 $aUNINA LEADER 02854nam 2200709Ia 450 001 9911019665503321 005 20170822102744.0 010 $a9786612549465 010 $a9781452604206 010 $a1452604207 010 $a9781118983836 010 $a1118983831 010 $a9781621984306 010 $a1621984303 010 $a9781282549463 010 $a1282549464 010 $a9780470625675 010 $a0470625678 035 $a(CKB)2670000000014450 035 $a(EBL)510182 035 $a(OCoLC)609861446 035 $a(SSID)ssj0000361325 035 $a(PQKBManifestationID)12119541 035 $a(PQKBTitleCode)TC0000361325 035 $a(PQKBWorkID)10351330 035 $a(PQKB)11506678 035 $a(MiAaPQ)EBC510182 035 $a(CaSebORM)9780470539392 035 $a(OCoLC)745061753 035 $a(OCoLC)ocn745061753 035 $a(EXLCZ)992670000000014450 100 $a20091217d2010 uy 0 101 0 $aeng 135 $aur|n|---||||| 181 $ctxt 182 $cc 183 $acr 200 10$aHow to measure anything $efinding the value of "intangibles" in business /$fDouglas W. Hubbard 205 $a2nd ed. 210 $aHoboken, N.J. $cWiley$dc2010 215 $a1 online resource (323 p.) 300 $aIncludes index. 311 08$a9780470539392 311 08$a0470539399 320 $aIncludes bibliographical references and index. 327 $aHow to Measure Anything, Second Edition: Finding the Value of Intangibles in Business; Contents; Preface; Acknowledgments; Section I: Measurement: The Solution Exists; Section II: Before You Measure; Section III: Measurement Methods; Section IV: Beyond the Basics; Appendix: Calibration Tests (and Their Answers); Index 330 $a Now updated with new research and even more intuitive explanations, a demystifying explanation of how managers can inform themselves to make less risky, more profitable business decisions This insightful and eloquent book will show you how to measure those things in your own business that, until now, you may have considered ""immeasurable,"" including customer satisfaction, organizational flexibility, technology risk, and technology ROI.Adds even more intuitive explanations of powerful measurement methods and shows how they can be applied to areas such as risk management and 606 $aIntangible property$xValuation 606 $aCorporations$xValuation 608 $aElectronic books.$2lcgft 615 0$aIntangible property$xValuation. 615 0$aCorporations$xValuation. 676 $a657/.7 676 $a658 700 $aHubbard$b Douglas W.$f1962-$0878024 801 0$bMiAaPQ 801 1$bMiAaPQ 801 2$bMiAaPQ 906 $aBOOK 912 $a9911019665503321 996 $aHow to measure anything$94008847 997 $aUNINA